| 000 | 00626nam a2200181Ia 4500 | ||
|---|---|---|---|
| 003 | GCL | ||
| 008 | 140319s9999 xx 000 0 ara d | ||
| 040 |
_aGCL / _cGCL |
||
| 082 | 0 | 4 |
_a792.022 _bف م |
| 100 | 1 | _aفرحان بلبل | |
| 245 | 1 | 0 |
_aالمسرح التجريبى الحديث عالميا وعربيا / _cفرحان بلبل |
| 250 | _aالثانية | ||
| 260 |
_aسوريا : _bدار حوران للدراسات والطباعة والنشر والتوزيع ، _c2002 |
||
| 300 |
_a165 ص ؛ _c20 سم |
||
| 650 | 0 | 4 | _aالمسرح التجريبى |
| 650 | 0 | 4 | _aالمسرح - نقد |
| 942 |
_2ddc _cBK |
||
| 999 |
_c34761 _d34761 |
||